Don't be scared, Piglet and roo!. (Record no. 114227)
[ view plain ]
| 000 -LEADER | |
|---|---|
| fixed length control field | 00341nam a2200121 a 4500 |
| 005 - DATE AND TIME OF LATEST TRANSACTION | |
| control field | 20140414132053.0 |
| 008 - FIXED-LENGTH DATA ELEMENTS--GENERAL INFORMATION | |
| fixed length control field | 110714s19uu xx 00 eng d |
| 050 ## - LIBRARY OF CONGRESS CALL NUMBER | |
| Classification number | ER |
| Item number | W72 2000 |
| 100 ## - MAIN ENTRY--PERSONAL NAME | |
| Personal name | Winkelman, Barbara Gaines |
| 245 ## - TITLE STATEMENT | |
| Title | Don't be scared, Piglet and roo!. |
| 260 ## - PUBLICATION, DISTRIBUTION, ETC. (IMPRINT) | |
| Place of publication, distribution, etc | United State of America : |
| Name of publisher, distributor, etc | Grolier, |
| Date of publication, distribution, etc | 2000. |
| Withdrawn status | Lost status | Damaged status | Home library | Current library | Shelving location | Date acquired | Source of acquisition | Total Checkouts | Full call number | Barcode | Date last seen | Price effective from | Koha item type |
|---|---|---|---|---|---|---|---|---|---|---|---|---|---|
| Munich Library | Munich Library | Easy Reading Section | 07/14/2011 | ER W72 2000 | M5985 | 04/14/2014 | 04/14/2014 | Books |